|
|
|
|
| LEADER |
00000nam0a2200000 4500 |
| 001 |
316606 |
| 005 |
20231102002906.0 |
| 020 |
|
|
|a RU
|b 82-64436
|
| 035 |
|
|
|a (RuTPU)RU\TPU\book\342057
|
| 090 |
|
|
|a 316606
|
| 100 |
|
|
|a 20160324d1982 km y0rusy5003 ca
|
| 101 |
0 |
|
|a rus
|
| 102 |
|
|
|a RU
|
| 105 |
|
|
|a a z 001zy
|
| 200 |
1 |
|
|a Снижение потерь при производстве ферросплавов
|e тематичекий отраслевой сборник
|f под ред. В. Г. Мизина
|
| 210 |
|
|
|a Москва
|c Металлургия
|d 1982
|
| 215 |
|
|
|a 95 с.
|c ил.
|
| 320 |
|
|
|a Библиография в конце статей
|
| 606 |
1 |
|
|a Ферросплавное производство
|2 stltpush
|3 (RuTPU)RU\TPU\subj\74860
|9 86828
|
| 610 |
1 |
|
|a потери
|
| 610 |
1 |
|
|a снижение
|
| 610 |
1 |
|
|a металлы
|
| 610 |
1 |
|
|a экономия
|
| 610 |
1 |
|
|a сплавы
|
| 610 |
1 |
|
|a новые виды
|
| 610 |
1 |
|
|a шихтовые материалы
|
| 610 |
1 |
|
|a подготовка
|
| 610 |
1 |
|
|a плавка
|
| 610 |
1 |
|
|a новые технологии
|
| 675 |
|
|
|a 669.168
|v 3
|
| 702 |
|
1 |
|a Мизин
|b В. Г.
|g Владимир Григорьевич
|4 340
|
| 801 |
|
0 |
|a RU
|b RuMRKP
|c 19950704
|g psbo
|
| 801 |
|
1 |
|a RU
|b 63413507
|c 20160324
|
| 801 |
|
2 |
|a RU
|b 63413507
|c 20191127
|g RCR
|
| 942 |
|
|
|c BK
|